000 00774nam a22002057a 4500
999 _c19297
_d19297
001 12198813
003 OSt
005 20210114091755.0
008 161006b xxu||||| |||| 00| 0 eng d
010 _a 00051429
020 _a0792372301 (hb. : alk. paper)
040 _aMMU
_cMMU
_dMMU
_beng
050 0 0 _aS494.5.B563
_bA3727 1994
245 0 0 _a Biotechnology for rapid development in AFRICA
_bproceedings of the african regional symposium on biotechnology for rapid development Nairobi, Kenya 17-21 February ,1992
260 _aBoston :
_bKluwer Academic Publishers,
_cc2000.
300 _a365 p. :
_bill. ;
_c25 cm.
500 _aIncludes bibliographical references.
650 0 _aAgricultural biotechnology
_zDeveloping countries
_vCongresses.
942 _2lcc
_cSHORTLOAN